Normal view
MARC view
- أحمد، عبدالله مثقال سليم
Entry Personal Name
001 - CONTROL NUMBER
- control field: 66688
003 - CONTROL NUMBER IDENTIFIER
- control field: JO-AjAnu
005 - DATE AND TIME OF LATEST TRANSACTION
- control field: 20250928113624.0
008 - FIXED-LENGTH DATA ELEMENTS
- fixed length control field: 250928|| aca||aabn | a|a d
040 ## - CATALOGING SOURCE
- Original cataloging agency: JO-AjAnu
100 ## - HEADING--PERSONAL NAME
- Personal name: أحمد، عبدالله مثقال سليم
- Relator term: معد